000 00738cam a22002651 4500
999 _c533845
_d533845
001 10312327
003 Nust
005 20200122113511.0
008 720725t19621961nyu 000 1 eng
010 _a 62015102
020 _a9780007151653
035 _a(OCoLC)364922
038 _aMSOHAIL
040 _aDLC
_cODaWU
_dOCoLC
_dViBlbV
_dOCoLC
_dDLC
050 0 0 _aPZ3.C4637
_bPal2
_aPR6005.H66
082 0 0 _a823.912
_bCHR
100 1 _aChristie, Agatha,
_d1890-1976.
_92976
245 1 4 _aThe Pale Horse.
260 _aNew York,
_bDodd, Mead,
_c1961
300 _a332 p.
_c21 cm.
655 7 _aDetective and mystery stories.
_2gsafd
_92977
906 _a7
_bcbc
_coclcrpl
_du
_encip
_f19
_gy-gencatlg
942 _2ddc
_cBK